The Competition of Ideas : (Record no. 614783)

MARC details
000 -LEADER
fixed length control field 00510nam a2200193 a 4500
008 - FIXED-LENGTH DATA ELEMENTS--GENERAL INFORMATION
fixed length control field 260220s2009##################000#0#eng##
020 ## - INTERNATIONAL STANDARD BOOK NUMBER
ISBN 9781412808330
082 04 - DEWEY DECIMAL CLASSIFICATION NUMBER
Classification number 320.609
Item number WEL
100 1# - MAIN ENTRY--AUTHOR NAME
Personal name Weidenbaum, Murray L.,
245 10 - TITLE STATEMENT
Title The Competition of Ideas :
260 ## - PUBLICATION, DISTRIBUTION, ETC. (IMPRINT)
Name of publisher Transaction Pub,
Year of publication 2009.
300 ## - PHYSICAL DESCRIPTION
Number of Pages 118 pages
650 #0 - SUBJECT ADDED ENTRY--TOPICAL TERM
Topical Term Political Science.
942 ## - ADDED ENTRY ELEMENTS (KOHA)
Koha item type English Books
Holdings
Withdrawn status Lost status Damaged status Not for loan Home library Current library Shelving location Date acquired Full call number Accession Number Price effective from Koha item type
        Anna Centenary Library Anna Centenary Library 3RD FLOOR, B WING 20.02.2026 320.609 WEL 335950 20.02.2026 English Books

Find us on the map